000 01363cam a2200337 a 4500
001 EDZ0000083343
003 StDuBDS
005 20161031105156.0
006 m||||||||d||||||||
007 cr |||||||||||
008 120427s2011 enk fo| 001|0|eng|d
020 _a9781446251324 (ebook) :
_cNo price
040 _aStDuBDS
_beng
_cStDuBDS
_epn
049 _aAlfaisal Main Library
050 4 _aQP360
082 0 4 _a612.8
_223
100 1 _aHamilton-West, Kate.
245 1 0 _aPsychobiological processes in health and illness
_h[electronic resource] /
_cKate Hamilton-West.
260 _aLondon :
_bSAGE,
_c2011.
300 _a1 online resource (xix, 234 p.)
520 8 _a'Psychobiological Processes in Health and Illness' is an accessible and engaging introduction to the interrelationships between mind and body across a broad range of topics including infectious illness, autoimmunity, cancer and pain.
521 _aSpecialized.
588 _aDescription based on print version record.
504 _aIncludes bibliographical references and index.
650 0 _aPsychobiology.
655 7 _aElectronic books.
_2local
710 2 _aSage eBooks
776 0 8 _iPrint version :
_z9781847872449
856 4 0 _uhttp://ezproxy.alfaisal.edu/login?url=http://sk.sagepub.com/books/psychobiological-processes-in-health-and-illness
942 _2lcc
_cEBOOKS
999 _c480975
_d480975